000 00490nam a2200157Ia 4500
008 210719s1989 xx 000 0 und d
041 _aeng
082 _a658 PARW
100 _aPARKINSON (C Northcote) and others
245 _aWorlds great achievements and failures in management
260 _aBombay.
_bIndia Book House Pvt Ltd.,
_c1989
300 _ax,206
_bPB
365 _b50
_cRs
650 _aManagement
906 _aachievements ; and ; failures ; great ; in ; management ; Worlds
999 _c212305
_d212305